01275nam a2200301 u 450000100070000000500170000700700030002400800410002703500110006804000130007904100080009208000070010010000390010724500380014626000230018452004080020765000250061565000380064065000220067865000320070065000410073265000410077370000340081470000300084870000310087870000330090970000310094279105720260506095552.0td021211uuuuuuuuu spa  a791057 ccomduadb aspa aHS10aGutierrez de Lara, Jorge4auteaut10aElecciones : candidatos liberales aMedellín,c1863.3 aDespues de una cerrada votacion, entre los candidatos Manuel Murillo Toro, Santos Gutierrez y Jose Hilario Lopez; el partido liberal de Antioquia, ha elegido a Murillo Toro, como su candidato para las elecciones presidenciales; se han nombrado 10 miembros de este partido, para que trabajen en los municipios del departamento, para lograr la victoria de Murillo, la cual afianzara la republica federal.  aMurillo Toro, Manuel aLópez, José Hilario 1798-1869 aGutierrez, Santos aPartido Liberal - Antioquia aCandidatos presidenciales - Colombia aElecciones presidenciales - Colombia10aRestrepo, Marcelino4auteaut10aEscobar, Julian4auteaut10aMendoza, Antonio4auteaut10aCordoba, Alejandro4auteaut10aArango, Valentin4auteaut